000 00869nas a2200289 4500
001 BR0304547
003 BR-BrBNA
005 20231205104046.0
007 ta
008 230509b bl.|||p| |||| 00| 00por d
040 _aBR-BrBNA
_bpor
_cBiblioteca Nacional de Agricultura
041 _a(En)
072 _aF30; F01
100 1 _aGiaveno, C.D.
100 1 _aMiranda Filho, J.B. de
245 1 _aSelectin methods for maize seedlings in greenhouse as related to aluminum tolerance
650 _aMILHO
650 _aSOLO ÁCIDO
650 _aESTUFA
650 _aPRODUÇÃO VEGETAL
650 _aSELEÇÃO
650 _aALUMÍNIO
650 _aRESISTÊNCIA A PRODUTOS QUÍMICOS
773 0 _tScientia Agrícola (Brazil)
_xISSN 0103-9016
_g(Oct-Dec 2002), v. 59(4) p. 807-810
_wBR0304547
909 _a202311
_bLúcia
_c55
_dLúcia Elande
942 _2AGRIS
_n0
_cANA
999 _c176124
_d176124